Valorant : Agents 2026 - Statistiques

Statistiques générales
  • Ce quiz a été pris 280 fois
  • Le résultat moyen est 22 sur 29
Statistiques - réponses
Agents Rôles % Correct
Jett Dueliste
97%
Reyna Dueliste
95%
Phoenix Dueliste
90%
Brimstone Contrôleur
88%
Clove Contrôleur
85%
Raze Dueliste
85%
Omen Contrôleur
84%
Chamber Sentinelle
80%
Iso Dueliste
79%
Sage Sentinelle
78%
Cypher Sentinelle
77%
Breach Initiateur
76%
Neon Dueliste
76%
Viper Contrôleur
76%
Yoru Dueliste
76%
Astra Contrôleur
72%
Fade Initiateur
72%
Waylay Dueliste
71%
Miks Contrôleur
70%
Sova Initiateur
70%
Harbor Contrôleur
69%
Skye Initiateur
68%
Killjoy Sentinelle
67%
KAY/O Initiateur
66%
Gecko Initiateur
65%
Vyse Sentinelle
64%
Deadlock Sentinelle
63%
Veto Sentinelle
61%
Tejo Initiateur
58%
Aucun quiz correspondant
Distribution des résultats
% des personnes avec chaque résultat
Percentile par nombre de réponses
Votre historique - résultats
Vous n’avez pas pris ce quiz